000 00515nam a2200169 i 4500
001 72199
003 ES-MaACL
005 20230906171345.0
007 t|
008 040827s1972 sp ||||1| spa d
100 1 _aGill, David M.
_956943
245 1 0 _aTecnologĂ­a, fe y futuro del hombre /
_cDavid M. Gill ; [tradujo, Constantino Ruiz Garrido].
260 _aSalamanca :
_bSĂ­gueme,
_c1972.
300 _a131 p. ;
_c21 cm.
700 1 _aRuiz-Garrido, Constantino.
_9100816
852 _aES-MaACL
_jC-49358
_bR.84083
999 _c72199
_d72199